000 01351cam a2200361 i 4500
001 768714001
003 CO-MdFUSB
005 20220406102039.0
007 ta
008 070507t2007 gau b 001 0 eng
020 _a1589832477
040 _aDLC
_cCO-MdFUSB
_dDLC
_bspa
_erda
041 _aeng
082 0 0 _a224.306
_223
_bM272
100 1 _aMandolfo, Carleen.
_eautor
245 1 0 _aDaughter Zion talks back to the prophets :
_ba dialogic theology of the book of Lamentations /
_cCarleen R. Mandolfo.
264 1 _aAtlanta :
_bSociety of Biblical Literature,
_c[2007]
264 4 _c© 2007
300 _a149 páginas ;
_c23 cm.
336 _2rdacontent
_atexto
_btxt
337 _2rdamedia
_asin mediación
_bn
338 _2rdacarrier
_avolumen
_bnc
490 0 _aSemeia studies ;
504 _aIncluye referencias bibliográficas (p. 129-135) e índices.
505 _aIntroducción -- La construcción de la Hija de Sion en los profetas -- Crítica de la forma: lectura dialógica de la forma -- La Hija de Sión encuentra su voz -- ¿Dios "habla con ternura" a Jerusalén? -- Por qué es importante la lectura dialógica.
563 _aRústico
630 7 _aBiblia.
_pLamentaciones
_xTeología
942 _cBK
945 _aJTF-925
999 _c67415
_d67415